| 000 | 00515nam a22001817a 4500 | ||
|---|---|---|---|
| 005 | 20251108172347.0 | ||
| 008 | 250721s2000 xx 000 0 ara d | ||
| 082 | 1 | 4 | _a371.3078/غزا |
| 100 | 1 | _aغزاوي، محمد ذيبان | |
| 245 | 1 | 0 | _aالأسس النفسية لتكنولوجيا التعليم / |
| 264 | 1 |
_aعمان : _c2000. |
|
| 300 | _a315ص | ||
| 650 | 1 | 7 | _aتكنولوجيا التعليم |
| 650 | 1 | 7 | _aالتعلم |
| 650 | 1 | 7 | _aعلم النفس |
| 942 |
_2ddc _cBK |
||
| 999 |
_c77246 _d77246 |
||